00863nam a22002297a 4500999001300000001000600013003000900019005001700028008004100045020001500086040003800101082001600139245006200155260006800217300002400285650003100309650003100340700002200371942001200393952011400405952011400519 c763d76310345BD-DhUAP20200127160417.0200127s2002 ii ||||| |||| 00| 0 eng d a9848295003 aBD-DhUAPbEngcBD-DhUAPdBD-DhUAP 223a323 HUM aHuman rights and development /cEdited by Mizanur Rahman. aDhaka :b Empowerment through Law of the Common People, c2002. a455 pages ;c24 cm. aHuman rights zBangladesh. aCivil societyzBangladesh. aRahman, Mizanur.  2ddccBK 00102ddc4070aUAPCLbUAPCLcGeneral Stacksd2020-01-27o323 HUMp3010010645r2020-01-27t1w2020-01-27yBK 00102ddc4070aUAPCLbUAPCLcGeneral Stacksd2020-01-27o323 HUMp3010010644r2020-01-27t2w2020-01-27yBK